| 000 | 00999cam a2200301 i 4500 | ||
|---|---|---|---|
| 001 | 200463150 | ||
| 003 | TR-AnTOB | ||
| 005 | 20241203103942.0 | ||
| 007 | ta | ||
| 008 | 020114s2014 tu 000 0 tur d | ||
| 040 |
_aBGZ _beng _erda _cBGZ _dTR-AnTOB |
||
| 041 | 0 | _atur | |
| 050 | 1 | _aDR575 | |
| 090 |
_aDR575 _b.A855 2014 |
||
| 100 | 1 |
_aAtilhan, Cevat Rıfat, _d1892-1967 _9133754 _eauthor |
|
| 245 | 1 | 0 |
_aBütün açıklığıyla İnönü savaşları ve hakiki kahramanları / _cGeneral Cevat Rıfat Atilhan. |
| 264 | 1 |
_aİstanbul : _bDerin Tarih, _c2014. |
|
| 300 |
_a71 pages ; _c20 cm |
||
| 336 |
_atext _btxt _2rdacontent |
||
| 337 |
_aunmediated _bn _2rdamedia |
||
| 338 |
_avolume _bnc _2rdacarrier |
||
| 490 | 0 |
_aDerin Tarih Kültür Yayınları ; _v13 |
|
| 500 | _aDerin Tarih dergisinin 25. sayısının hediyesidir. | ||
| 650 | 7 |
_aYunan-Türk Savaşı, 1897 _2etuturkob _913519 |
|
| 651 | 7 |
_aTürkiye _xSiyaset ve yönetim _9120128 |
|
| 942 |
_2lcc _cBK |
||
| 999 |
_c200463150 _d81362 |
||